[Event "Rubinstein Memorial-D 54th"]
[Site "Polanica Zdroj"]
[Date "2018.08.22"]
[Round "5"]
[White "Barwinska, Ewa"]
[Black "Krupa, Dominik"]
[Result "1-0"]
[WhiteElo "1451"]
[BlackElo "1258"]
[PlyCount "73"]
[EventDate "2018.08.18"]
[EventType "swiss"]
[EventRounds "9"]
[EventCountry "POL"]
[SourceTitle "EXT 2020"]
[Source "ChessBase"]
[SourceDate "2019.10.17"]
[SourceVersion "1"]
[SourceVersionDate "2019.10.17"]
[SourceQuality "1"]

1. e4 e5 2. Nf3 Nc6 3. Bb5 Bc5 4. 0-0 Qf6 5. c3 Nge7 6. d4 exd4 7. cxd4 Nxd4 8. Nxd4 Bxd4 9. Qc2 c6 10. Bd3 Ng6 11. Kh1 0-0 12. f4 d6 13. Nc3 Bxc3 14. bxc3 Re8 15. Qd2 c5 16. Bb2 c4 17. Bc2 b6 18. Rad1 Bb7 19. f5 Ne5 20. Qxd6 Ng4 21. Qf4 h5 22. Rde1 Rad8 23. Bd1 g5 24. fxg6 Qxg6 25. Bxg4 hxg4 26. e5 Kg7 27. e6 Rxe6 28. Rxe6 Qxe6 29. Qg5+ Kh7 30. Qxd8 Bxg2+ 31. Kxg2 Qe2+ 32. Rf2 Qe4+ 33. Kg3 Qe3+ 34. Kg2 Qe4+ 35. Kf1 Qb1+ 36. Ke2 Qc2+ 37. Ke3 1-0